Evidencia špeciálnych prípravkov a náradí = Evidence of special tools and equipment for the company Letecké opravovne Trenčín, a.s. : Bakalárska práca

Guardado en:
Detalles Bibliográficos
Autor principal: Chytil, František (Autor)
Otros Autores: Gerliczy, Miloslav (xxx)
Formato: Manuscrito Libro
Lenguaje:eslovaco
Publicado: Trnava : STU v Bratislave MTF UIAM, 2007
Etiquetas: Agregar Etiqueta
Sin Etiquetas, Sea el primero en etiquetar este registro!

MARC

LEADER 00000ntm a22000003a 4500
001 stu152613
005 20160719155841.6
008 071128s2007----xo------------------slo-d
040 |a STU  |b slo 
041 0 |a slo 
044 |a xo 
100 1 |a Chytil, František  |4 aut 
245 1 |a Evidencia špeciálnych prípravkov a náradí = Evidence of special tools and equipment for the company Letecké opravovne Trenčín, a.s. :  |b Bakalárska práca 
260 |a Trnava :  |b STU v Bratislave MTF UIAM,  |c 2007 
300 |a 65 s  |c 1 CD-ROM 
500 |a Program: Aplikovaná informatika a automatizácia v priemysle 
700 1 |a Gerliczy, Miloslav  |4 xxx 
700 1 |a Juhás, Martin,  |d 1976-  |4 csl  |u M6000  |U MTF Materiálovotechnologická fakulta  |T MTF Ústav aplikovanej informatiky, automatizácie a matematiky  |X 2855  |U M6000  |Y 86  |7 A000002855 
996 |b 284M066930  |c M*BP-3036  |l MMSKP  |s P  |a 0  |w stu152613_0001